Chris Columbus Cast - Sudden Death - Statistics

General Stats
  • This quiz has been taken 20 times
  • The average score is 7 of 28
Answers on the Grid
Answers color-coded by a green-red scale on the quiz's grid according to % correct below.
Maggie Smith
Robin Williams
Usher
Alexandra Daddario
Idris Elba
Tom Arnold
Ed Harris
Sam Neill
Idina Menzel
John Boyega
Kenneth Branagh
Alan Rickman
Julianne Moore
Ice-T
Jodie Foster
Helena Bonham Carter
Oscar Isaac
Rosario Dawson
Adam Sandler
Susan Sarandon
Richard Harris
Emma Watson
Robert Pattinson
Catherine O'Hara
Vincent D'Onofrio
Marisa Tomei
Lance Henriksen
Daniel Radcliffe
John Candy
Brian Cox
Rowan Atkinson
Michelle Monaghan
Gary Oldman
Dylan O'Brien
Roger Moore
Kurt Russell
John Cleese
Pierce Brosnan
Timothee Chalamet
Uma Thurman
Ron Perlman
Evanna Lynch
Peter Dinklage
Macaulay Culkin
Sandra Bullock
Trevante Rhodes
Michael Gambon
Sean Bean
Ralph Fiennes
Toby Jones
 
Answer Stats
Answer % Correct
Maggie Smith
71%
Adam Sandler
43%
Emma Watson
43%
Richard Harris
43%
Alan Rickman
29%
Brian Cox
29%
Catherine O'Hara
29%
John Candy
29%
Macaulay Culkin
29%
Michelle Monaghan
29%
Peter Dinklage
29%
Robin Williams
29%
Alexandra Daddario
14%
Daniel Radcliffe
14%
Ed Harris
14%
Idina Menzel
14%
John Cleese
14%
Julianne Moore
14%
Kenneth Branagh
14%
Kurt Russell
14%
Pierce Brosnan
14%
Rosario Dawson
14%
Sam Neill
14%
Sean Bean
14%
Susan Sarandon
14%
Toby Jones
14%
Uma Thurman
14%
Vincent D'Onofrio
14%
No matching quizzes found
Score Distribution
Percent of People with Each Score
Percentile by Number Answered
Your Score History
You have not taken this quiz